000 00222 a2200097 4500
001 48688
100 _aLooms, R.D
245 _aThe story of the US Air Force
260 _aNew York
_bRandom house
_c
090 _c31602
_d31602
942 _aNUST-CAE
_cM
_c24006
999 _c283761
_d283761